Statystyki dla Najlepsi piłkarze w historii bez ikony w fifie 21.

Kliknij tutaj aby rozwiązać quiz!

Ogólne statystyki

  • Ten quiz został rozwiązany 128 razy
  • Średni wynik to 5 z 25

Statystyki odpowiedzi

NarodowośćZawodnik% Poprawnych
14.PolskaBoniek
78%
12.Argentyna/Hiszpania/KolumbiaDi Stefano
52%
6.PolskaLato
52%
15.PolskaDudek
47%
1.NiemcyBeckenbauer
44%
2.NiemcyGerd Muller
33%
13.Wybrzeże Kości SłoniowejToure
33%
5.FrancjaPlatini
27%
3.BrazyliaRomario
27%
4.BrazyliaCafu
19%
8.HiszpaniaVIlla
14%
17.HiszpaniaCasillas
11%
25.AngliaCharlton
11%
18.WłochyTotti
7%
22.WłochyDi Natale
6%
9.BrazyliaLucio
6%
16.FrancjaAbidal
5%
11.HolandiaDavids
5%
23.RumuniaMutu
5%
10.ArgentynaMilito
4%
24.PeruPizzaro
4%
7.NiemcyRumenigge
4%
20.NiemcyGomez
2%
19.WłochyToni
2%
21.HolandiaStam
1%

Rozkład punktacji

Percentyl według liczby udzielonych odpowiedzi

Procent ludzi z każdym wynikiem

Twoja historia wyników

Nie rozwiązałeś tego quizu